Zahraničný kapitál pomôže v konkurencii Aj v obchode je užitočné oddeliť plevel od zrna

Rozhovor s prezidentom Asociácie veľkoobchodných a distribučných spoločností SR (AVODIS). Združovanie veľkoobchodníkov v asociácii. Aktivity asociácie. Účasť asociácie na tvorbe niektorých zákonov. Charakteristika súčasného stavu obchodu na Slovensku. Zahraničný kapitál vo sfére obchodu na Slovensku...

Descrizione completa

Salvato in:
Dettagli Bibliografici
Autore principale: Mihálek, D.
Altri autori: Szabo, A.
Natura: Capitolo di libro
Lingua:slovacco
Soggetti:
Tags: Aggiungi Tag
Nessun Tag, puoi essere il primo ad aggiungerne!!

MARC

LEADER 00000naa a2200000 4500
001 r017169
005 20221213100639.8
041 0 |a slo 
044 |a SK 
245 1 0 |a Zahraničný kapitál pomôže v konkurencii  |b Aj v obchode je užitočné oddeliť plevel od zrna  |c D. Mihálek, A. Szabo 
520 |a Rozhovor s prezidentom Asociácie veľkoobchodných a distribučných spoločností SR (AVODIS). Združovanie veľkoobchodníkov v asociácii. Aktivity asociácie. Účasť asociácie na tvorbe niektorých zákonov. Charakteristika súčasného stavu obchodu na Slovensku. Zahraničný kapitál vo sfére obchodu na Slovensku. Zahraničné firmy, ktoré vstúpili na náš trh s investíciami do výroby a distribúcie. Administratívne opatrenia na zníženie dovozu. Činnosť asociácie pri nadväzovaní kontaktov so zahraničím. 
610 2 0 |a veľkoobchod 
610 2 0 |a distribúcia 
610 2 0 |a vývoz 
610 2 0 |a dovoz 
610 2 0 |a združenia 
610 2 0 |a AVODIS 
610 2 0 |a podnikatelia 
610 2 0 |a kapitál zahraničný 
610 2 0 |a investície 
610 2 0 |a obchod 
610 2 0 |a Slovensko 
100 1 |a Mihálek, D. 
700 1 |a Szabo, A.